000 00694nam a2200181 u 4500
001 000004464
005 20200929151439.0
008 090723t1957 dr 001 0 spa d
040 _aDO-SdBNP
_bspa
_cBNPHU
082 _a324.27293
_bP418p
100 1 _aPenson, José F.
_913074
245 1 3 _aEl partido dominicano /
_cJosé F. Penson.
260 _aCiudad Trujillo, República Dominicana :
_bArte y Cine,
_c1957.
300 _a81 p. ;
_c23 cm.
650 4 _aPartidos políticos
_zRepública Dominicana
_xHistoria
_yERA DE TRUJILLO, 1930-1961
_913075
651 4 _aRepública Dominicana
_xPolítica Y Gobierno
_xHistoria
_yERA DE TRUJILLO, 1930-1961
_913076
910 _aValidado. Control de calidad EMS.
999 _c4273
_d4273